000 00834nas a2200265 4500
001 BR9201284
003 BR-BrBNA
005 20231205092359.0
007 ta
008 230509b bl.|||p| |||| 00| 00por d
040 _aBR-BrBNA
_bpor
_cBiblioteca Nacional de Agricultura
041 _a(Pt)
072 _aL74
100 1 _aBasile, J.R.
100 1 _aBasile, B.H.
245 1 _aAlteracoes genitais em novilhas da raca holandesa diagnosticadas durante o exame de selecao previo a importacao do Uruguai
650 _aGADO HOLANDES
650 _aIMPORTACAO
650 _aUTERO
650 _aENDOMETRITE
650 _aDISTURBIO GENETICO
773 0 _tRevista Brasileira de Reproducao Animal (Brazil)
_xISSN 0102-0803
_g(1978), v. 2(1) p. 21-23
_wBR9201284
909 _a202311
_bLúcia
_c55
_dLúcia Elande
942 _2AGRIS
_n0
_cANA
999 _c131309
_d131309